Development of tests for the determination of the resistance to ozone of natural and synthetic rubbers (Record no. 57061)

MARC details
000 -LEADER
fixed length control field 00374nam a2200121Ia 4500
100 ## - MAIN ENTRY--AUTHOR NAME
Personal name Eagles A E
245 #0 - TITLE STATEMENT
Title Development of tests for the determination of the resistance to ozone of natural and synthetic rubbers
260 ## - PUBLICATION, DISTRIBUTION, ETC. (IMPRINT)
Name of publisher Proceedings of the IRI
Year of publication 1966
300 ## - PHYSICAL DESCRIPTION
Number of Pages 94-113
650 ## - SUBJECT ADDED ENTRY--TOPICAL TERM
Topical Term Synthetic rubber
942 ## - ADDED ENTRY ELEMENTS (KOHA)
Koha item type Journals
Holdings
Withdrawn status Lost status Damaged status Not for loan Home library Current library Shelving location Date acquired Serial Enumeration / chronology Koha item type
      Journals RRII Library RRII Library Rubber chemistry 17/12/2021 Volume 13, Issue 3 Journals